000 00538nam a2200229 a 4500
001 nice12345678
003 IN_TiNIC
005 20260116013900.0
008 080410s1994 dela grp 000 0 eng
020 _a
_c30
082 0 0 _a250.954
_bZAC
100 _aZachariah, Mathai
245 _aInside the Indian Church
260 _aDelhi
_bISPCK
_c1994
300 _a106p
500 _aincludes index and biblioraphy
650 _aChurch-India
700 1 _aZachariah, Mathai
902 _bSRS
942 _cBK
999 _c12950
_d12950